Statistics for Bill Burr Filmography

Click here to take the quiz!

General Stats

  • This quiz has been taken 27 times
    (5 since last reset)
  • The average score is 9 of 65

Answer Stats

TypeYearName% Correct
TV Show2011-2013Breaking Bad
40%
TV Show2004Chappelle's Show
40%
Film2015Daddy's Home
40%
Film2017Daddy's Home 2
40%
Web Series2015-PresentF Is for Family
40%
Film2023Old Dads
40%
TV Show2020Saturday Night Live
40%
Film2021The Guilty
40%
Web Series2019, 2020The Mandalorian
40%
TV Show2016The Simpsons
40%
TV Show2023Barry
20%
Film2014Black or White
20%
Stand-Up Special2003Comedy Central Presents
20%
TV Show2018Crashing
20%
Film2010Date Night
20%
FilmTBADrugstore June
20%
Video Game2008Grand Theft Auto IV
20%
Film2020King of Staten Island
20%
TV Show2002Law & Order: Criminal Intent
20%
Film2023Leo
20%
Podcast2011-PresentMonday Morning Podcast
20%
TV Show2013, 2016New Girl
20%
Stand-Up Special2005One Night Stand
20%
Web Series2023Outer Banks
20%
Film2002Passionada
20%
TV Show2020, 2022Puppy Dog Pals
20%
Film2012Stand Up Guys
20%
Film2018The Front Runner
20%
Film2013The Heat
20%
Film2020The Opening Act
20%
TV Show1996Townies
20%
TV Show1998Two Guys and a Girl
20%
Film2014Walk of Shame
20%
Film2014Zombeavers
20%
TV Show2014All Things Comedy Live
0%
Film2021Back Home Again
0%
Stand-Up Special2022Bill Burr: Live at Red Rocks
0%
Stand-Up Special2022Bill Burr Presents: Friends Who Kill
0%
TV Show2020Bill Burr Presents: The Ringers
0%
TV Show2017Bill Burr's Guide to Driving Etiquette
0%
Short Film2011Cheat
0%
Film2022Dog
0%
Stand-Up Special2003Emotionally Unavailable
0%
Video Game2009Grand Theft Auto IV: The Lost and Damned
0%
FilmTBAHate to See You Go
0%
Film2022Hate to See You Go
0%
Web Series2018I Love You, America with Sarah Silverman
0%
Web Series2021Immoral Compass
0%
Stand-Up Special2014I'm Sorry You Feel That Way
0%
TV Show2014-2015Kroll Show
0%
Stand-Up Special2010Let It Go
0%
Stand-Up Special2011Live at Andrew's House
0%
TV Show2006Live at Gotham
0%
TV Show2014Maron
0%
Stand-Up Special2019Paper Tiger
0%
Film2001Perfect Fit
0%
TV Film2007Playing Chicken
0%
TV Film2008Purgatory
0%
Web Series2021Reservation Dogs
0%
TV Film2009The Burr Effect
0%
TV Show2015The Jim Gaffigan Show
0%
Film2007Twisted Fortune
0%
Stand-Up Special2017Walk Your Way Out
0%
Stand-Up Special2008Why Do I Do This?
0%
Stand-Up Special2012You People Are All the Same
0%

Score Distribution

Percentile by Number Answered

Percent of People with Each Score

Your Score History

You have not taken this quiz since the last reset